One Adjective, Two Words Quiz Stats

 Plays Quiz Updated Mar 30, 2019

Score 0/32 Timer 08:00
2 Plays Today
% Correct
bank
89.9%
shopping
89.2%
natural
88.8%
sea
88%
heart
87.8%
pig
87.8%
road
86.1%
red
85.9%
water
85.7%
bar
85.6%
monkey
85.6%
sand
85.4%
black
85.2%
general
84.8%
window
84.4%
hot
84.4%
% Correct
box
84.1%
house
84%
chain
83.8%
top
83.6%
gas
83.2%
telephone
83.2%
fire
83.1%
sports
82.9%
horse
82.3%
family
81.7%
drinking
81.2%
police
80.3%
area
77.4%
circular
74.2%
tape
71.2%
orbital
65.4%

You're not logged in!

Compare scores with friends on all Sporcle quizzes.
OR
Log In

Sporcle TV

Today on Sporcle TV


Watch our educational content, quiz creation guides, and fun videos on Sporcle TV.

Show Comments

Extras

Top Quizzes Today


Score Distribution

Your Account Isn't Verified!

In order to create a playlist on Sporcle, you need to verify the email address you used during registration. Go to your Sporcle Settings to finish the process.

Report this User

Report this user for behavior that violates our Community Guidelines.

Details: